000 02040cam a22003854a 4500
999 _c25043
_d25043
001 13942861
003 OSt
005 20170130152703.0
008 050426s2005 enka b 001 0 eng
010 _a 2005011867
015 _aGBA546382
_2bnb
016 7 _a013210526
_2Uk
020 _a0754644030 (alk. paper)
035 _a(OCoLC)ocm59879472
040 _aDLC
_cDLC
_dUKM
_dOCLCQ
_dBWKUK
_dBAKER
_dDLC
042 _apcc
043 _au-at---
050 0 0 _aN7401
_b.C65 2005
082 0 0 _a704.03/9915
_222
100 1 _aColeman, Elizabeth Burns,
_d1961-
245 1 0 _aAboriginal art, identity and appropriation /
_cElizabeth Burns Coleman.
260 _aAldershot, England ;
_aBurlington, VT :
_bAshgate,
_cc2005.
300 _axviii, 188 p. :
_bill. ;
_c24 cm.
440 0 _aAnthropology and cultural history in Asia and the Indo-Pacific
504 _aIncludes bibliographical references (p. [173]-181) and index.
505 0 _aMapping the problem -- Cultural appropriation -- Culture and property -- Domestic questions -- Identity and images -- Religion and significance -- Art fraud and the ontology of painting -- Applying the criteria for authenticity -- Insignia and collective entities -- Cultural vandalism -- Interpreting aboriginal claims as rights -- Freedom of expression and insignia -- Responding to aboriginal claims.
650 0 _aArt, Aboriginal Australian.
650 0 _aAboriginal Australians
_xEthnic identity.
650 0 _aAboriginal Australians
_xLegal status, laws, etc.
650 0 _aCultural property
_xProtection
_zAustralia.
650 0 _aLaw and art
_zAustralia.
856 4 1 _3Table of contents
_uhttp://www.loc.gov/catdir/toc/ecip0511/2005011867.html
906 _a7
_bcbc
_corignew
_d1
_eecip
_f20
_gy-gencatlg
942 _2lcc
_cBOOKS
_hN 7401 .C65 2005